01072nam a22002537a 4500999001700000003000900017008004100026040007100067082002400138100002100162245003900183260004200222300003800264505019800302650002300500650002300523650003100546700003800577700002700615700004100642942001600683945002100699952009800720 c18265d18265AR-CdUCM190513b ||||| |||| 00| 0 spa d aMUNICIPALIDAD PROVINCIAL DEL CUSCOcBIBLIOTECA MUNICIPAL DEL CUSCO 25ed.a514.23 /bW22 aWarner, Frank M. aGeometría descriptiva aplicada / aNew York :bMc Graw-Hill Book,c1964. a242 páginas ;bfiguras,c24 cm. aContenido: Advertencia en relación a la inclinación de la linea -- Afloramiento de un filón -- Angulo diedro -- Angulo de inclinación -- Buzamiento -- Casco de un barco -- Cilindros ... aGeometría918656 aArquitectura93356 aDibujo geométrico938754 aMcneary, Matthew (coautor)938755 aCarmona, José938756 aPérez de Vera (traductores)938757 2ddccLIBROS aachld2019-05-13 002ddc4070aSCbSCcCARTd2019-05-13g50.00o514.23 / W22pSC0000001480r2019-05-13yLIBROS